Statistiken für Alle Gegner der DFB-Nationalelf 2020

Klicken Sie hier um das Quiz zu spielen!

Allgemein

  • Dieses Quiz wurde 30 mal gespielt
  • Das Durchschnittsergebnis liegt bei 3 aus 5

Antwortstatistiken

Antwort% Korrekt
Spanien
100%
Ukraine
77%
Schweiz
58%
Tschechien
58%
Türkei
42%

Verteilung der Resultate

Perzentil nach korrekt beantworteten Fragen

Anzahl Personen mit jedem Resultat

Ihre Resultats-Entwicklung

Sie haben dieses Quiz noch nicht gespielt